| 000 | 00000nam 2200000za 4500 |
| 001 | 9.833338 |
| 003 | CaOODSP |
| 005 | 20221107150211 |
| 007 | cr ||||||||||| |
| 008 | 170303q1858 nfc #os f000 0 eng d |
| 040 | |aCaOODSP|beng |
| 043 | |an-cn-nf |
| 086 | 1 |aCS98-1857E-PDF |
| 245 | 00|aAbstract census and return of the population, &c. of Newfoundland, 1857 |h[electronic resource]. |
| 260 | |a[St. John's, Nfld.] : |b[Registrar General's Office], |c[1858?] |f(E.D. Shea, printer) |
| 300 | |a124, [4] p. |
| 500 | |aHistorical census publication digitized 2012 [by Statistics Canada]. |
| 500 | |aChiefly tables. |
| 520 | |aCensus and return for Newfoundland, 1857: Electoral districts of Saint John's, Conception Bay, Trinity, Bonavista, Twillinate and Fogo, Ferrland, Placentia and St. Mary's, Burin, Fortune Bay; French shore; General recapitulation, return of number of males and females. |
| 692 | 07|2gccst|aCensus |
| 710 | 1 |aNewfoundland.|bRegistrar General's Office. |
| 856 | 40|qPDF|s72.10 MB|uhttps://publications.gc.ca/collections/collection_2017/statcan/CS98-1857-eng.pdf |